| 000 | 00968nam a2200277Ia 4500 | ||
|---|---|---|---|
| 003 | OSt | ||
| 005 | 20220928125013.0 | ||
| 006 | a|||||r|||| 00| 0 | ||
| 007 | ta | ||
| 008 | 220927b |||||||| |||| 00| 0 eng d | ||
| 020 | _c8706.6000000000004 | ||
| 024 | _a129498 | ||
| 037 |
_b424, 08/03/2016, Kiran Book Service _cTextual |
||
| 040 |
_aSDCL _cSDCL _beng |
||
| 041 |
_2eng _aeng |
||
| 082 | _aV55:192'P, Q4 | ||
| 100 |
_aCho Joanne Miyang Ed. _9467527 |
||
| 245 | 0 |
_aTranscultural encounters between Germany and India _b Kindred spirits in the ninteenth and twentieth centuries |
|
| 260 |
_aLondon _bRoutledge _c2014 |
||
| 300 |
_axvi;238p. _ccm. |
||
| 650 | _aHistory | ||
| 700 |
_a Kurlander Eric Ed. _9467528 |
||
| 700 |
_a McGetchin Douglas T. Ed. _9467529 |
||
| 942 |
_hV55:192'P, Q4 _cTEXL _2CC |
||
| 999 |
_c780390 _d780390 |
||